Geographie mit 4 Buchstaben - Statistiken

Allgemein
  • Dieses Quiz wurde 489 mal gespielt
  • Das Durchschnittsergebnis liegt bei 14 aus 20
Antwortstatistiken
Hinweis Antwort % Korrekt
Land früher als Persien bekannt Iran
94%
Größte Stadt der Ukraine Kiew
94%
Größte Stadt in Norwegen Oslo
94%
Größte Insel im karibischen Meer Kuba
93%
Land auf der arabischen Halbinsel Oman
85%
Nachbar von Ghana Togo
85%
Us-Bundestaat, in dem Salt Lake City ist Utah
80%
Hauptstadt von Katar Doha
76%
Irland auf Irisch Eire
75%
Heimatstadt von Sigmund Freud Wien
75%
Größte Schweizer Stadt an der Rhone Genf
70%
Land von Timbuktu Mali
66%
Die Insel Napoleon wurde ins Exil geschickt Elba
64%
Insel von Jakarta Java
59%
Einer der Großen Seen Erie
58%
Größte Stadt in Grönland Nuuk
51%
Hauptstadt von Fidschi Suva
44%
Stadt von Taj Mahal Agra
40%
Fluss von St. Petersburg Newa
33%
Gebirge zwischen Frankreich und der Schweiz Jura
26%
Keine übereinstimmenden Quizze gefunden
Verteilung der Resultate
Anzahl Personen mit jedem Resultat
Perzentil nach korrekt beantworteten Fragen
Ihre Resultats-Entwicklung
Sie haben dieses Quiz noch nicht gespielt